Pedagogia y epistemología / (Registro nro. 34501)

Detalles MARC
000 -LEADER
fixed length control field 01444nam a2200313 4500
001 - CONTROL NUMBER
control field 0000020952
003 - CONTROL NUMBER IDENTIFIER
control field CO-CtgCURN
005 - DATE AND TIME OF LATEST TRANSACTION
control field 20250429230716.0
007 - PHYSICAL DESCRIPTION FIXED FIELD--GENERAL INFORMATION
fixed length control field ta
008 - FIXED-LENGTH DATA ELEMENTS--GENERAL INFORMATION
fixed length control field 160627s2003 000 0 eng d
020 ## - INTERNATIONAL STANDARD BOOK NUMBER
International Standard Book Number 9789582007306
040 ## - CATALOGING SOURCE
Original cataloging agency CO-CtgCURN
Language of cataloging spa
Transcribing agency coctgcurn
082 0# - DEWEY DECIMAL CLASSIFICATION NUMBER
Classification number 370.1
Item number P34
245 00 - TITLE STATEMENT
Title Pedagogia y epistemología /
Statement of responsibility, etc. Olga Lucia Zuluaga G. ... [et al.].
260 ## - PUBLICATION, DISTRIBUTION, ETC.
Place of publication, distribution, etc. Bogotá :
Name of publisher, distributor, etc. Magisterio,
Date of publication, distribution, etc. 2003.
300 ## - PHYSICAL DESCRIPTION
Extent 301 p.
336 ## - CONTENT TYPE
Source rdacontent
337 ## - MEDIA TYPE
Source rdamedia
Media type term sin mediacion
Media type code n
338 ## - CARRIER TYPE
Source rdacarrier
Carrier type term volumen
Carrier type code nc
490 1# - SERIES STATEMENT
Series statement Colección pedagogia e historia ;
Volume/sequential designation 1
504 ## - BIBLIOGRAPHY, ETC. NOTE
Bibliography, etc. note Bibliografia (p. 299-301)
505 8# - FORMATTED CONTENTS NOTE
Formatted contents note Educación y pedagogia: una diferencia necesaria.--De Comenio a Herbart.--El pasado presente de la pedagogia y la didactica.--El florecimiento de las Investigaciones pedagogicas.--Campo intelectual de la educación y campo pedagogico.--El lugar de la pedagogia dentro de las ciencias de la educación.--La enseñanza como posibilidad del pensamiento.--La pedagogia: una perspectiva etica del documento.--Hacia una pedagogia de la subjetivacion.--La pedagogia y las ciencias: historia de una relacion
650 14 - SUBJECT ADDED ENTRY--TOPICAL TERM
Topical term or geographic name entry element Educación.
700 1# - ADDED ENTRY--PERSONAL NAME
Personal name Zuluaga G., Olga Lucia.
908 ## - PUT COMMAND PARAMETER (RLIN)
Put command parameter 160627
942 ## - ADDED ENTRY ELEMENTS (KOHA)
Koha item type Libros
Classification part 370.1
Item part P34
Source of classification or shelving scheme Dewey Decimal Classification
Existencias
Withdrawn status Lost status Source of classification or shelving scheme Damaged status Not for loan Collection Home library Current library Shelving location Date acquired Inventory number Total checkouts Full call number Barcode Date last seen Copy number Price effective from Koha item type Public note
    Dewey Decimal Classification     General Miguel Henríquez Castañeda Miguel Henríquez Castañeda General 04/29/2025 006467   370.1 P34 006467 04/29/2025 ej.1 04/29/2025 Libros 370-EDUCAC
    Dewey Decimal Classification     General Miguel Henríquez Castañeda Miguel Henríquez Castañeda General 04/29/2025 013454   370.1 P34 013454 04/29/2025 ej.2 04/29/2025 Libros 370-EDUCAC